000 00355nam a2200133Ia 4500
008 191206s9999 xx 000 0 und d
020 _a868520039
090 _aPR6063.T856
245 0 _aSounds of a cowhide drum
260 _aAD. Donker
260 _cc1982
300 _a92 p. ; 21 cm.
999 _c16936
_d16936